General principles of criminal law / (Record no. 5793)

MARC details
000 -LEADER
fixed length control field 00544nam a22001817a 4500
008 - FIXED-LENGTH DATA ELEMENTS--GENERAL INFORMATION
fixed length control field 131022b xxu||||| |||| 00| 0 eng d
020 ## - INTERNATIONAL STANDARD BOOK NUMBER
International Standard Book Number 9-7893-5028-0362
082 ## - DEWEY DECIMAL CLASSIFICATION NUMBER
Edition number 21 ed.
Classification number 345
Item number PIL
100 ## - MAIN ENTRY--PERSONAL NAME
Personal name Pillai, K.N. Chandrasekharan
245 ## - TITLE STATEMENT
Title General principles of criminal law /
Statement of responsibility, etc Chandrasekharan Pillai, K.N
250 ## - EDITION STATEMENT
Edition statement 2 ed.
260 ## - PUBLICATION, DISTRIBUTION, ETC. (IMPRINT)
Name of publisher, distributor, etc Eastern Book company
Date of publication, distribution, etc 2011
300 ## - PHYSICAL DESCRIPTION
Extent xxxv, 705 P. ;
Dimensions 24 cm.
500 ## - GENERAL NOTE
General note Includes Index
650 ## - SUBJECT ADDED ENTRY--TOPICAL TERM
Topical term or geographic name as entry element Criminal law
650 ## - SUBJECT ADDED ENTRY--TOPICAL TERM
Topical term or geographic name as entry element General principles of criminal law
942 ## - ADDED ENTRY ELEMENTS (KOHA)
Source of classification or shelving scheme Dewey Decimal Classification
Item type Books
Holdings
Withdrawn status Lost status Source of classification or shelving scheme Damaged status Not for loan Home library Current library Shelving location Date acquired Total Checkouts Full call number Barcode Date last seen Copy number Price effective from Koha item type Public note
    Dewey Decimal Classification     Law Development Centre Main Library Law Development Centre Main Library Text Books and Laws 10/22/2013   345 PIL 8045/2013 10/22/2013 1 10/22/2013 Books reserve